Assembly Language Programming For The IBN System (Record no. 24059)

MARC details
000 -LEADER
fixed length control field 00326nam a22001337a 4500
003 - CONTROL NUMBER IDENTIFIER
control field OSt
005 - DATE AND TIME OF LATEST TRANSACTION
control field 20211224152835.0
008 - FIXED-LENGTH DATA ELEMENTS--GENERAL INFORMATION
fixed length control field 211224b |||||||| |||| 00| 0 eng d
040 ## - CATALOGING SOURCE
Transcribing agency HU
082 ## - DEWEY DECIMAL CLASSIFICATION NUMBER
Edition number 3rd
Classification number 005.1
100 ## - MAIN ENTRY--PERSONAL NAME
Personal name Kudlick
9 (RLIN) 25027
245 ## - TITLE STATEMENT
Title Assembly Language Programming For The IBN System
942 ## - ADDED ENTRY ELEMENTS (KOHA)
Source of classification or shelving scheme Dewey Decimal Classification
Koha item type Books like text book referance book
Suppress in OPAC No
Holdings
Withdrawn status Lost status Source of classification or shelving scheme Damaged status Not for loan Home library Current library Shelving location Date acquired Total Checkouts Full call number Barcode Date last seen Copy number Price effective from Koha item type
    Dewey Decimal Classification     IoT Library IoT Library General Stacks 12/24/2021   005.1/KUD1980 IOTL0001334 12/24/2021 1 12/24/2021 Books like text book referance book